Editorial (Registro nro. 62572)
[ vista simple ]
| 000 -LÍDER | |
|---|---|
| Campo fijo de descripción fija | 006210000a22001210004500 |
| 100 1# - ASIENTO PRINCIPAL--NOMBRE PERSONAL | |
| Nombre personal | Winbush, Robina Marie |
| 245 10 - TÍTULO | |
| Título del Material | Editorial |
| 300 ## - DESCRIPCIÓN FÍSICA | |
| Extensión | Vol.58, núm.1 ( March, 2008), Páginas1-2 |
| 500 ## - NOTA GENERAL | |
| Nota General | Este número explora las teologías que dieron fuerza a la institución de esclavitud en las Américas y Europa y examina los ricos recursos bíblicos y espirituales que permitieron a los africanos esclavizados a luchar por su libertad. Tambíen habla del papel de la comunidad cristiana en la lucha de la liberación de Sudáfrica. |
| 650 14 - ASIENTO SECUNDARIO DE MATERIA - TERMINO TEMÁTICO | |
| Término temático o nombre geográfico como elemento de entrada | ESCLAVITUD-ÁMERICA-EUROPA |
| 773 0# - HOST ITEM ENTRY | |
| Title | Reformed World |
| 942 ## - TIPO DE MATERIAL (KOHA) | |
| Tipo de Item KOHA | Artículos de Revista |
| Estado de Material | Estado de Perdido | Estado de Dañado | No para Préstamo | Colección | Biblioteca de Origen | Biblioteca Permanente | Fecha de Adquisición | Total de Préstamos | Signatura Topográfica | Última vez visto | Fecha de Remplazo | Tipo de Material |
|---|---|---|---|---|---|---|---|---|---|---|---|---|
| Colección de Hemeroteca | Biblioteca FUSBC | Biblioteca FUSBC | 26/01/2016 | 26/01/2016 | 26/01/2016 | Artículos de Revista |
